[Event "SVK-chT2B 1920"]
[Site "Slovakia"]
[Date "2019.11.16"]
[Round "3.8"]
[White "Kurtulik, Andrej"]
[Black "Habrda, Boris"]
[Result "0-1"]
[WhiteElo "1780"]
[BlackElo "1755"]
[PlyCount "86"]
[EventDate "2019.10.26"]
[EventType "team-tourn"]
[EventRounds "11"]
[EventCountry "SVK"]
[SourceTitle "CBM 193 Extra"]
[Source "ChessBase"]
[SourceDate "2020.01.31"]
[SourceVersion "1"]
[SourceVersionDate "2020.01.31"]
[SourceQuality "1"]
[WhiteTeam "Prievidza"]
[BlackTeam "Nove Zamky"]
[WhiteTeamCountry "SVK"]
[BlackTeamCountry "SVK"]

1. e4 e5 2. Nf3 Nc6 3. Nc3 Nf6 4. Bb5 Bc5 5. Nxe5 Bxf2+ 6. Kxf2 Nxe5 7. d4 Ng6 8. e5 Ng8 9. g3 N8e7 10. Qf3 0-0 11. Kg2 f6 12. Bc4+ Kh8 13. exf6 Rxf6 14. Qe2 d5 15. Bd3 Qd7 16. Qh5 Nf5 17. Bg5 Nfh4+ 18. Bxh4 Qh3+ 19. Kg1 Bg4 20. Qxd5 Nxh4 21. Bf1 Rxf1+ 22. Rxf1 Bf3 23. Qxf3 Nxf3+ 24. Rxf3 Qh6 25. Kg2 Qd2+ 26. Rf2 Qxd4 27. Rhf1 h6 28. Rf7 Rc8 29. Rd1 Qb4 30. Rdd7 Rg8 31. Rxc7 Qxb2 32. Nd5 Rd8 33. Nf4 Rd2+ 34. Kh3 Rxc2 35. Ng6+ Kh7 36. Nf8+ Kg8 37. Ne6 Rxh2+ 38. Kg4 Qe2+ 39. Kf5 Rh5+ 40. Kf4 Qxe6 41. Rxg7+ Kf8 42. Rh7 Qe5+ 43. Kg4 Qf5# 0-1

[Event "Levice Toth Memorial"]
[Site "Levice"]
[Date "2019.08.03"]
[Round "4"]
[White "Koloditsova, Renata"]
[Black "Habrda, Boris"]
[Result "1-0"]
[WhiteElo "1923"]
[BlackElo "1675"]
[PlyCount "61"]
[EventDate "2019.08.01"]
[EventType "swiss"]
[EventRounds "7"]
[EventCountry "SVK"]
[SourceTitle "EXT 2020"]
[Source "ChessBase"]
[SourceDate "2019.10.17"]
[SourceVersion "1"]
[SourceVersionDate "2019.10.17"]
[SourceQuality "1"]

1. e4 e5 2. Nf3 Nc6 3. Bc4 Bc5 4. d3 Nge7 5. c3 d6 6. 0-0 0-0 7. Bb3 Bg4 8. Nbd2 Bb6 9. h3 Bh5 10. Re1 Na5 11. Bc2 f5 12. b4 Nac6 13. Bb3+ Kh8 14. exf5 Bxf3 15. Nxf3 Rxf5 16. a4 a6 17. Ra2 h6 18. Be3 Bxe3 19. Rxe3 Qe8 20. d4 exd4 21. Nxd4 Nxd4 22. Qxd4 Qf8 23. Re6 Re5 24. Rxe5 Nc6 25. Qd5 dxe5 26. b5 axb5 27. axb5 Na5 28. Bc2 Qf4 29. g3 Qc1+ 30. Kg2 Rg8 31. Qd3 1-0